| 000 | 00429nam a2200181Ia 4500 | ||
|---|---|---|---|
| 001 | 13836 | ||
| 005 | 20260306164830.0 | ||
| 008 | 260306t2017||||xx |||||||||||||| ||spa|| | ||
| 041 | _aESP | ||
| 082 |
_a005.369 _bP13E |
||
| 100 |
_aPacheco Contreras, Johnny _eAUT |
||
| 245 | 0 | _aExcel para los negocios | |
| 260 | _c2017 | ||
| 300 |
_a205 páginas : _c25 cm. |
||
| 650 | _aGEN | ||
| 654 | _aCCC | ||
| 942 |
_cLIB _dJUS _fJUS _2ddc _n |
||
| 999 |
_c13836 _d13836 |
||